000 00327nam a2200145Ia 4500
005 20251222152657.0
008 251222s9999||||xx |||||||||||||| ||spa||
020 _a8430074409
082 _a230/D35
100 _aDe Armas, Albelardo
245 0 _aLuces en la Noche
250 _a1ra. ed.
264 _bA.M.D.G
942 _cLIB
999 _c28687
_d28687